000 01332nam0a22003011 4500
001 RU\INFOCOMM_327\NLR\5000086009
005 20250614080932.0
035 _a(NLR Aleph) 010623085
090 _a10609414
_c10609414
100 _a20130328d1983 |||y0rusy50 ca
101 0 _aeng
102 _aRU
105 _ay z||||
200 1 _aDesign and implementation of a workstation dependent segment storage manager
_fM. Rudalics
210 _aДубна
_cОбъед. ин-т ядер. исслед.
_d1983
215 _a14 с.
_cсхем.
_d21 см
225 1 _aСообщения Объединенного института ядерных исследований, Дубна
_vЕ11-83-588
300 _aНа 3-й с. обл.: Разработка и реализация системы управления памяти приборно-зависимой базы данных для сегментов / Рудалич М.
300 _aРез. на рус. яз.
320 _aБиблиогр.: с. 13-14
606 0 _aСчетные машины электронные
_xЗапоминающие устройства
_2nlr_sh1
686 _aВ381с21
_2rubbk
700 1 _aRudalics
_bM.
801 1 _aRU
_bInfocomm
_c20130328
801 0 _aRU
_bINFOCOMM
_gPSBO
852 _aNLR
_jФз01 Д-4/2325
942 _cBOOK
980 _aNB